Odvaha /
Příběh nelehkého osudu mladé židovské dívky během padesátých let ve stalinistickém Československu.
Uloženo v:
| Hlavní autor: | |
|---|---|
| Médium: | E-kniha |
| Jazyk: | Czech |
| Vydáno: |
V Praze :
Motto,
2024
|
| Vydání: | 1. vydání |
| Témata: | |
| Tagy: |
Žádné tagy |
| LEADER | 02275nam a2200433 i 4500 | ||
|---|---|---|---|
| 001 | 312385 | ||
| 003 | CZ PrSKC | ||
| 005 | 20260601215722.0 | ||
| 007 | ta | ||
| 008 | 240517s2024 xr g 000 f cze | ||
| 015 | |a cnb003606733 | ||
| 020 | |a 9788026726463 |q (vázáno) : |c Kč 399,00 | ||
| 035 | |a (OCoLC)1445419489 | ||
| 040 | |a ABG001 |b cze |e rda | ||
| 072 | 7 | |a 821.162.3-3 |x Česká próza |2 Konspekt | |
| 080 | |a 821.162.3-31 |2 MRF | ||
| 080 | |a (0:82-311.6) |2 MRF | ||
| 080 | |a (0:82-311.4) |2 MRF | ||
| 100 | 1 | |a Lukášková, Markéta, |d 1988- |7 ola2017970705 |4 aut | |
| 245 | 1 | 0 | |a Odvaha / |c Markéta Lukášková |
| 250 | |a 1. vydání | ||
| 264 | 1 | |a V Praze : |b Motto, |c 2024 | |
| 300 | |a 276 stran ; |c 20 cm | ||
| 336 | |a text |b txt |2 rdacontent | ||
| 337 | |a bez média |b n |2 rdamedia | ||
| 338 | |a svazek |b nc |2 rdacarrier | ||
| 520 | 2 | |a Příběh nelehkého osudu mladé židovské dívky během padesátých let ve stalinistickém Československu. |b Mladá Židovka Ada si svůj život po válce představovala jinak. Byla nucena odejít z vysněné školy, stará se o nemocnou matku a zjišťuje, že komunisté mají s jejím původem stejný problém, jako měli nacisté. Když se jí naskytne příležitost svůj život změnit za cenu morálního selhání, stojí před těžkou volbou. Má říct ano a žít, jak chce, nebo říct ne a uchovat si čest? A má vlastně v té šílené době nad svým osudem nějakou moc? Nakladatelská anotace. Kráceno. | |
| 655 | 7 | |a české romány |7 fd133974 |2 czenas | |
| 655 | 7 | |a historické romány |7 fd132414 |2 czenas | |
| 655 | 7 | |a společenské romány |7 fd760851 |2 czenas | |
| 655 | 9 | |a Czech fiction |2 eczenas | |
| 655 | 9 | |a historical novels |2 eczenas | |
| 655 | 9 | |a social novels |2 eczenas | |
| 900 | |a ABA001 |b 19 | ||
| 928 | 9 | |a Albatros Media - Motto | |
| 044 | |a xr | ||
| 910 | |a RBIT002 | ||
| 998 | |d 404833 |a https://core.palmknihy.cz/api/books/404833/cover?sdcjgg |b https://core.palmknihy.cz/api/books/404833/cover/400?sdcjgg |c https://core.palmknihy.cz/api/books/404833/cover/50?sdcjgg |e 2034-12-31 |g 280 |i 9788026726463 |j https://core.palmknihy.cz/api/books/404833/preview.epub |k https://core.palmknihy.cz/api/books/404833/preview.pdf |l |q 49 |r 1 |s https://www.palmknihy.cz/kniha/404833 |t ebook |y 2024 |z 0 | ||
| 999 | |d 312383 | ||